[Event "FICGS class M 000123 email"]
[Site "FICGS email"]
[Date "2023.06.04"]
[Round "1"]
[White "Cirulis, Ilmars"]
[Black "Taboada, Pedro Pablo"]
[Result "1/2-1/2"]
[WhiteElo "2244"]
[BlackElo "2281"]
[PlyCount "76"]
[EventDate "2023.??.??"]
[EventType "tourn (corr)"]
[EventRounds "6"]
[SourceTitle "Corr 2024"]
[Source "ChessBase"]
[SourceDate "2023.10.19"]
[SourceVersion "1"]
[SourceVersionDate "2023.10.19"]
[SourceQuality "1"]

1. d3 Nf6 2. c4 c5 3. g3 Nc6 4. e4 e6 5. f4 d5 6. e5 Ng8 7. Bg2 Nge7 8. Nc3 h5 9. Bd2 Nf5 10. Nge2 Rb8 11. 0-0 dxc4 12. dxc4 Bd7 13. b3 Be7 14. Rc1 Qb6 15. Be4 Ncd4 16. Qe1 Rd8 17. Rf2 Bc6 18. Nxd4 Nxd4 19. Bxc6+ Qxc6 20. Qe4 Kd7 21. Kg2 Kc7 22. Qxc6+ Kxc6 23. Ne4 Nf5 24. Bc3 h4 25. Rd2 hxg3 26. hxg3 Rxd2+ 27. Bxd2 Rd8 28. g4 Nh4+ 29. Kg3 Rd4 30. Re1 a6 31. a4 b5 32. axb5+ axb5 33. cxb5+ Kxb5 34. Re3 Kc6 35. Kf2 Kd5 36. Nc3+ Kc6 37. Ne4 Kd5 38. Nc3+ Kc6 1/2-1/2

[Event "FICGS class M 000123 email"]
[Site "FICGS email"]
[Date "2023.06.04"]
[Round "1"]
[White "Taboada, Pedro Pablo"]
[Black "Duttagupta, Aniruddha"]
[Result "1/2-1/2"]
[WhiteElo "2281"]
[BlackElo "2254"]
[PlyCount "46"]
[EventDate "2023.??.??"]
[EventType "tourn (corr)"]
[EventRounds "6"]
[SourceTitle "Corr 2024"]
[Source "ChessBase"]
[SourceDate "2023.10.19"]
[SourceVersion "1"]
[SourceVersionDate "2023.10.19"]
[SourceQuality "1"]

1. d4 d5 2. Nf3 Nf6 3. c4 c6 4. Nc3 e6 5. e3 Nbd7 6. Qc2 Bd6 7. b3 0-0 8. Be2 b6 9. 0-0 Bb7 10. Bb2 Qe7 11. Rad1 Rad8 12. Rfe1 Rfe8 13. Bf1 e5 14. dxe5 Nxe5 15. Nxe5 Bxe5 16. cxd5 cxd5 17. Nb5 Rc8 18. Qb1 Bb8 19. Nd4 Ne4 20. Nf3 Nc3 21. Bxc3 Rxc3 22. Rd3 Rec8 23. Red1 g6 1/2-1/2

[Event "FICGS class M 000113 email"]
[Site "FICGS email"]
[Date "2022.11.08"]
[Round "1"]
[White "Taboada, Pedro Pablo"]
[Black "Nimylovych, Taras"]
[Result "1/2-1/2"]
[WhiteElo "2256"]
[BlackElo "2227"]
[PlyCount "82"]
[EventDate "2022.??.??"]
[EventType "tourn (corr)"]
[EventRounds "6"]
[SourceTitle "Corr 2024"]
[Source "ChessBase"]
[SourceDate "2023.10.19"]
[SourceVersion "1"]
[SourceVersionDate "2023.10.19"]
[SourceQuality "1"]

1. d4 Nf6 2. c4 e6 3. Nf3 d5 4. g3 Bb4+ 5. Nbd2 dxc4 6. Bg2 b5 7. 0-0 0-0 8. Ne5 Nd5 9. a3 Bd6 10. b3 Bb7 11. Qc2 cxb3 12. Nxb3 Qc8 13. Bd2 Nb6 14. Nf3 Nc4 15. a4 Nxd2 16. Nbxd2 b4 17. Nc4 Nc6 18. Rfc1 h6 19. Ne1 Rd8 20. Nxd6 Rxd6 21. e3 a5 22. Nd3 Ne7 23. Qxc7 Qxc7 24. Rxc7 Bxg2 25. Kxg2 Nd5 26. Rc5 Nc3 27. Nb2 Ne4 28. Re5 Nc3 29. Rc5 Rd5 30. Rc7 e5 31. Nc4 exd4 32. Nb6 Rdd8 33. Nxa8 d3 34. Nb6 d2 35. Nc4 d1Q 36. Rxd1 Nxd1 37. Rb7 Ra8 38. Nb6 Rf8 39. Nc4 Ra8 40. Nb6 Rd8 41. Nc4 Ra8 1/2-1/2

[Event "FICGS class M 000096 email"]
[Site "FICGS email"]
[Date "2021.10.09"]
[Round "1"]
[White "Osipov, Sergey Adolfovich"]
[Black "Taboada, Pedro Pablo"]
[Result "1/2-1/2"]
[WhiteElo "2212"]
[BlackElo "2229"]
[PlyCount "225"]
[EventDate "2021.??.??"]
[EventType "tourn (corr)"]
[EventRounds "6"]
[SourceTitle "Corr 2024"]
[Source "ChessBase"]
[SourceDate "2023.10.19"]
[SourceVersion "1"]
[SourceVersionDate "2023.10.19"]
[SourceQuality "1"]

1. e4 e5 2. Nf3 Nc6 3. Bb5 a6 4. Ba4 Nf6 5. 0-0 Be7 6. Re1 b5 7. Bb3 d6 8. c3 0-0 9. h3 Nb8 10. d4 Nbd7 11. Nbd2 Bb7 12. Bc2 Re8 13. Nf1 Bf8 14. Ng3 g6 15. a4 c5 16. d5 c4 17. Bg5 h6 18. Be3 Nc5 19. Qd2 h5 20. Bxc5 dxc5 21. Nf1 Qc7 22. Qg5 Nh7 23. Qe3 Nf6 24. N1d2 Red8 25. Bd1 Rab8 26. Be2 Kh7 27. Qg5 Kg7 28. Qg3 Bd6 29. Ng5 Qe7 30. h4 Bc8 31. Nf1 Rb6 32. Ra3 Rf8 33. Rea1 Bc7 34. Ne3 Kg8 35. axb5 axb5 36. Ra7 Bb7 37. Rd1 Bb8 38. Ra5 Qd7 39. Qf3 Nh7 40. g4 hxg4 41. Qg2 Qd8 42. Qxg4 Qf6 43. Qg3 Qf4 44. Nh3 Qxg3+ 45. fxg3 Kg7 46. Kg2 Nf6 47. Nf2 Ne8 48. h5 Nd6 49. hxg6 fxg6 50. Rda1 Bc7 51. Neg4 Re8 52. Nh2 Bd8 53. Nf3 Bf6 54. Bd1 Bc8 55. Ra7+ Bb7 56. Bc2 Bd8 57. Ng4 Nf7 58. Kf2 Bc7 59. Kg2 Bb8 60. R7a5 Bc7 61. Nf2 Bd8 62. Ra7 Bc7 63. Bd1 Bb8 64. R7a3 Bc7 65. Nd2 Nd6 66. Bg4 Bd8 67. Ra5 Bf6 68. Ra7 Re7 69. R7a2 Re8 70. Ra5 Re7 71. Nf3 b4 72. R1a2 Rc7 73. Be6 Nb5 74. Nd1 Nd6 75. Nf2 Nb5 76. Rxb5 Rxb5 77. d6 Rc6 78. Bd7 Ra6 79. Rxa6 Bxa6 80. Bxb5 Bxb5 81. Ng4 Bc6 82. Kf2 Bxe4 83. Nxf6 Kxf6 84. Nxe5 Bf5 85. g4 bxc3 86. bxc3 Bc2 87. Ke3 g5 88. Nd7+ Ke6 89. Nxc5+ Kxd6 90. Ne4+ Ke5 91. Nxg5 Bd1 92. Nf3+ Kd5 93. Kf4 Ke6 94. g5 Ba4 95. Nd2 Bb3 96. Nf1 Bc2 97. Ne3 Bd3 98. Ng4 Bc2 99. Ne5 Bb3 100. Ke4 Bc2+ 101. Kf4 Bb3 102. Nc6 Ba4 103. Nd4+ Kf7 104. Nf5 Ke6 105. Nd4+ Kf7 106. Kg4 Bd1+ 107. Kh3 Ba4 108. Nf3 Bd1 109. Kg3 Kg6 110. Kg4 Kg7 111. Kf4 Ba4 112. Ne5 Bb3 113. Nxc4 1/2-1/2

[Event "FICGS class M 000090 email"]
[Site "FICGS email"]
[Date "2020.06.25"]
[Round "1"]
[White "Fraczek, Dariusz"]
[Black "Taboada, Pedro Pablo"]
[Result "1-0"]
[WhiteElo "2383"]
[BlackElo "2222"]
[PlyCount "137"]
[EventDate "2020.??.??"]
[EventType "tourn (corr)"]
[EventRounds "6"]
[SourceTitle "Corr 2024"]
[Source "ChessBase"]
[SourceDate "2023.10.19"]
[SourceVersion "1"]
[SourceVersionDate "2023.10.19"]
[SourceQuality "1"]

1. e4 c5 2. Nf3 e6 3. d4 cxd4 4. Nxd4 Nc6 5. Nc3 Qc7 6. Be3 a6 7. Qf3 Nf6 8. 0-0-0 Nxd4 9. Bxd4 e5 10. Be3 d6 11. Qg3 Be6 12. Bg5 Nd7 13. Kb1 Rc8 14. Be2 b5 15. Rhe1 h6 16. Bd2 h5 17. f4 h4 18. Qf2 exf4 19. Bxf4 Be7 20. Bf1 Ne5 21. Nd5 Bxd5 22. Rxd5 Ng6 23. g3 hxg3 24. Bxg3 Ne5 25. Red1 Kf8 26. c3 Rh6 27. Bf4 Rh7 28. Bd3 Rh3 29. Bxe5 dxe5 30. Bc2 Rh6 31. Bb3 Rf6 32. Qh4 Rh6 33. Qg4 Rh4 34. Qf3 Rf4 35. Qh3 Rh4 36. Qd3 Rf4 37. a3 g6 38. h4 Bxh4 39. Qh3 Qc6 40. Ka2 Kg7 41. Rd6 Qe8 42. Rxa6 Rc7 43. Qd3 Rf6 44. Ra5 Rb7 45. Bd5 Rb8 46. Qh3 Qh8 47. Rh1 g5 48. Ra7 Rf8 49. Re7 Re8 50. Rb7 Rb8 51. Rc7 Rf8 52. Rg1 Rf4 53. Qd7 Qh5 54. Be6 Rxe4 55. Bg4 Qh8 56. Qf5 Rc4 57. Rxc4 bxc4 58. Qxe5+ Kg8 59. Qd5 Qf6 60. Qxc4 Kg7 61. Rf1 Qe5 62. Rf5 Qe3 63. a4 Bg3 64. a5 Bf4 65. Bh5 Qe7 66. a6 f6 67. Rc5 Rh8 68. Bg4 Ra8 69. Rc8 1-0

[Event "FICGS class M 000090 email"]
[Site "FICGS email"]
[Date "2020.06.25"]
[Round "1"]
[White "Schroeder, Christoph"]
[Black "Taboada, Pedro Pablo"]
[Result "1/2-1/2"]
[WhiteElo "2258"]
[BlackElo "2222"]
[PlyCount "60"]
[EventDate "2020.??.??"]
[EventType "tourn (corr)"]
[EventRounds "6"]
[SourceTitle "Corr 2022"]
[Source "ChessBase"]
[SourceDate "2021.10.24"]
[SourceVersion "1"]
[SourceVersionDate "2021.10.24"]
[SourceQuality "1"]

1. e4 e5 2. f4 exf4 3. Nf3 d5 4. exd5 Nf6 5. Bb5+ c6 6. dxc6 Nxc6 7. d4 Bd6 8. 0-0 0-0 9. Nbd2 Bg4 10. c3 Re8 11. Bd3 Qd7 12. Qc2 Rac8 13. Qb1 h6 14. Ne4 Nxe4 15. Bxe4 Ne7 16. Bd2 Be6 17. Re1 Nd5 18. a4 Nf6 19. Bd3 a6 20. Ne5 Bxe5 21. Rxe5 g5 22. Qc2 Ng4 23. Re2 Bd5 24. Rae1 Rxe2 25. Rxe2 Re8 26. h3 Rxe2 27. Bxe2 Nf6 28. c4 Be4 29. Qc3 Bf5 30. Bd3 Ne4 1/2-1/2

[Event "LSS SM-2008-0-00032"]
[Site "LSS email"]
[Date "2008.10.16"]
[Round "?"]
[White "Buczinski, Henryk"]
[Black "Taboada, Pedro Pablo"]
[Result "1/2-1/2"]
[WhiteElo "2181"]
[BlackElo "2222"]
[PlyCount "92"]
[EventDate "2008.10.06"]
[EventType "tourn (corr)"]
[EventRounds "6"]
[EventCountry "GER"]
[SourceTitle "Telechess CBM 137"]
[Source "ChessBase"]
[SourceDate "2010.07.15"]
[SourceVersion "1"]
[SourceVersionDate "2010.07.15"]
[SourceQuality "1"]

1. e4 c6 2. d4 d5 3. e5 Bf5 4. Nf3 e6 5. Be2 Ne7 6. 0-0 c5 7. dxc5 Nec6 8. Be3 Nd7 9. c4 dxc4 10. Na3 Bxc5 11. Bxc5 Nxc5 12. Nxc4 0-0 13. Qc1 Nd3 14. Bxd3 Qxd3 15. Rd1 Qc2 16. Nd4 Nxd4 17. Rxd4 Qxc1+ 18. Rxc1 Rac8 19. Rdd1 Be4 20. Nd6 Rxc1 21. Rxc1 Bc6 22. b4 a6 23. f3 h6 24. a3 Rd8 25. a4 Bxa4 26. Rc7 Rd7 27. Rxd7 Bxd7 28. Nxb7 Kf8 29. Kf2 Ke7 30. Ke3 Bb5 31. Kd4 Bf1 32. g3 Kd7 33. f4 f6 34. Nc5+ Ke7 35. Ne4 fxe5+ 36. Kxe5 h5 37. Nc5 Bc4 38. Nb7 Bd5 39. Nd6 Bf3 40. Nc4 Bd5 41. Na3 Bb3 42. b5 axb5 43. Nxb5 Bc4 44. Nd4 Ba2 45. Nc6+ Kd7 46. Nb8+ Ke7 1/2-1/2

[Event "LSS SM-2008-0-00032"]
[Site "LSS email"]
[Date "2008.10.16"]
[Round "?"]
[White "Taboada, Pedro Pablo"]
[Black "Klimakovs, Sergejs"]
[Result "0-1"]
[WhiteElo "2222"]
[BlackElo "2235"]
[PlyCount "82"]
[EventDate "2008.10.06"]
[EventType "tourn (corr)"]
[EventRounds "6"]
[EventCountry "GER"]
[SourceTitle "Telechess CBM 137"]
[Source "ChessBase"]
[SourceDate "2010.07.15"]
[SourceVersion "1"]
[SourceVersionDate "2010.07.15"]
[SourceQuality "1"]

1. d4 Nf6 2. c4 g6 3. Nc3 d5 4. Bf4 Bg7 5. Rc1 Nh5 6. Bg5 h6 7. Bh4 c5 8. e3 cxd4 9. exd4 Nc6 10. Nxd5 Be6 11. Nf3 0-0 12. Be2 Bxd5 13. cxd5 Qxd5 14. 0-0 g5 15. Re1 Rad8 16. Qa4 e6 17. Bg3 g4 18. Ne5 Nxd4 19. Bc4 b5 20. Bxd5 bxa4 21. Bb7 Rd6 22. Nc4 Rd7 23. Be4 Rc8 24. Kf1 Nxg3+ 25. hxg3 Rdc7 26. Bd3 Rc5 27. Red1 e5 28. Re1 f5 29. f3 Bf6 30. Kf2 Kg7 31. b3 h5 32. Rb1 Rd8 33. Red1 h4 34. fxg4 hxg3+ 35. Kxg3 axb3 36. axb3 e4 37. Bf1 Bg5 38. Ra1 f4+ 39. Kh2 a5 40. Rdb1 Bf6 41. Rd1 Rg5 0-1

[Event "LSS SM-2008-0-00032"]
[Site "LSS email"]
[Date "2008.10.16"]
[Round "?"]
[White "Taboada, Pedro Pablo"]
[Black "Schwarte, Joachim"]
[Result "1/2-1/2"]
[WhiteElo "2236"]
[BlackElo "2060"]
[PlyCount "82"]
[EventDate "2008.10.06"]
[EventType "tourn (corr)"]
[EventRounds "6"]
[EventCountry "GER"]
[SourceTitle "Corr 2011"]
[Source "ChessBase"]
[SourceDate "2010.08.31"]
[SourceVersion "1"]
[SourceVersionDate "2010.08.31"]
[SourceQuality "1"]

1. d4 Nf6 2. c4 e6 3. Nf3 d5 4. g3 dxc4 5. Bg2 Nc6 6. Qa4 Nd7 7. Qxc4 Nb6 8. Qb5 Bd7 9. Qb3 a5 10. 0-0 a4 11. Qd3 Be7 12. Nc3 Nb4 13. Qd1 0-0 14. e4 Nc6 15. Qe2 f5 16. Rd1 Ra5 17. d5 fxe4 18. dxc6 exf3 19. Bxf3 bxc6 20. Bxc6 Bd6 21. Be4 a3 22. b3 Qf6 23. Bd2 Rc5 24. Rac1 Be8 25. f4 Bh5 26. Bf3 Bxf3 27. Qxf3 Rf5 28. Be3 Qe7 29. Kh1 Bc5 30. Bxc5 Rxc5 31. Qe4 Rff5 32. Qb4 Qe8 33. Ne4 Rxc1 34. Rxc1 Qd7 35. Qd2 Rd5 36. Qc2 Rd4 37. Kg1 h6 38. Qe2 Rd3 39. Re1 Qd4+ 40. Nf2 Rd2 41. Qxe6+ Kh8 1/2-1/2

[Event "LSS SM-2008-0-00032"]
[Site "LSS email"]
[Date "2008.10.16"]
[Round "?"]
[White "Taboada, Pedro Pablo"]
[Black "Zakharov, Oleg Yu"]
[Result "1/2-1/2"]
[WhiteElo "2212"]
[BlackElo "2214"]
[PlyCount "51"]
[EventDate "2008.10.06"]
[EventType "tourn (corr)"]
[EventRounds "6"]
[EventCountry "GER"]
[SourceTitle "Corr 2022"]
[Source "ChessBase"]
[SourceDate "2021.10.24"]
[SourceVersion "1"]
[SourceVersionDate "2021.10.24"]
[SourceQuality "1"]

1. d4 Nf6 2. c4 e6 3. Nc3 Bb4 4. Qc2 0-0 5. a3 Bxc3+ 6. Qxc3 b6 7. Bg5 Bb7 8. f3 h6 9. Bh4 d5 10. e3 c5 11. dxc5 bxc5 12. cxd5 g5 13. Bf2 Nxd5 14. Qd2 Nc6 15. Ne2 Ba6 16. Nc3 Bxf1 17. Kxf1 Rb8 18. h4 g4 19. fxg4 Na5 20. Qe2 Nxc3 21. bxc3 Qf6 22. g5 Qxc3 23. Qe1 Qxe1+ 24. Bxe1 Nc4 25. Rh3 Rfd8 26. Rc1 1/2-1/2

[Event "IECC CL1-2006.08 email"]
[Site "IECC email"]
[Date "2006.10.16"]
[Round "?"]
[White "Taboada, Pedro Pablo"]
[Black "Le Duigou, Jean Guy"]
[Result "1/2-1/2"]
[WhiteElo "2284"]
[BlackElo "2243"]
[PlyCount "54"]
[EventDate "2006.??.??"]
[EventType "tourn (corr)"]
[EventRounds "4"]
[SourceTitle "Corr 2015"]
[Source "ChessBase"]
[SourceDate "2015.07.17"]
[SourceVersion "1"]
[SourceVersionDate "2015.07.17"]
[SourceQuality "1"]

1. d4 d5 2. c4 c6 3. cxd5 cxd5 4. Nf3 Nf6 5. Nc3 Nc6 6. Bf4 e6 7. e3 Bd6 8. Bg3 Bxg3 9. hxg3 Qd6 10. Bd3 Bd7 11. Rc1 Rc8 12. a3 h6 13. Rh4 a6 14. Kf1 0-0 15. Rf4 Rfe8 16. g4 e5 17. dxe5 Nxe5 18. Nxe5 Qxe5 19. Kg1 Rc7 20. Be2 Rec8 21. Qd4 Qxd4 22. Rxd4 Ne4 23. Rb1 Nxc3 24. bxc3 Be6 25. a4 g6 26. g3 Kg7 27. Kg2 b5 1/2-1/2

[Event "CFriend WC-2008-S-00006"]
[Site "Chessfriend.com"]
[Date "2005.07.17"]
[Round "1"]
[White "Horvath, Daniel"]
[Black "Taboada, Pedro Pablo"]
[Result "1-0"]
[WhiteElo "2242"]
[BlackElo "2305"]
[PlyCount "41"]
[EventDate "2005.??.??"]
[EventType "tourn (corr)"]
[EventRounds "6"]
[SourceTitle "Corr 2008"]
[Source "ChessBase"]
[SourceDate "2008.06.24"]
[SourceVersion "1"]
[SourceVersionDate "2008.06.24"]
[SourceQuality "1"]

1. d4 Nf6 2. c4 e6 3. Nc3 Bb4 4. e3 c5 5. Nf3 Nc6 6. Bd3 Bxc3+ 7. bxc3 d6 8. 0-0 e5 9. Nd2 0-0 10. d5 Ne7 11. f3 Ne8 12. Ne4 f5 13. Ng3 Ng6 14. Qc2 Nh4 15. Rb1 Qf6 16. a4 g5 17. Rb3 Qg7 18. f4 e4 19. Be2 g4 20. Bb2 Nf6 21. a5 1-0

[Event "CFriend WC-2004-F-00006"]
[Site "Chessfriend.com"]
[Date "2005.05.16"]
[Round "1"]
[White "Dyakov, Alexander V"]
[Black "Taboada, Pedro Pablo"]
[Result "1-0"]
[WhiteElo "2223"]
[BlackElo "2305"]
[PlyCount "47"]
[EventDate "2005.??.??"]
[EventType "tourn (corr)"]
[EventRounds "6"]
[SourceTitle "Corr 2008"]
[Source "ChessBase"]
[SourceDate "2008.06.24"]
[SourceVersion "1"]
[SourceVersionDate "2008.06.24"]
[SourceQuality "1"]

1. e4 c5 2. Nf3 Nc6 3. d4 cxd4 4. Nxd4 Nf6 5. Nc3 e5 6. Ndb5 d6 7. Bg5 a6 8. Na3 b5 9. Bxf6 gxf6 10. Nd5 f5 11. Bd3 Be6 12. 0-0 Bxd5 13. exd5 Ne7 14. Re1 Bg7 15. c3 0-0 16. Qh5 e4 17. Bf1 Re8 18. Rad1 Ng6 19. Qxf5 Re5 20. Qh3 Nf4 21. Qg4 Nxd5 22. c4 Nc7 23. Nc2 f5 24. Qh3 1-0

[Event "IECG WC.2004.F.00001"]
[Site "IECG email"]
[Date "2005.05.16"]
[Round "?"]
[White "Ingersol, Harry"]
[Black "Taboada, Pedro Pablo"]
[Result "1-0"]
[WhiteElo "2392"]
[BlackElo "2340"]
[PlyCount "47"]
[EventDate "2005.05.16"]
[EventType "tourn (corr)"]
[EventRounds "6"]
[SourceTitle "Corr 2008"]
[Source "ChessBase"]
[SourceDate "2008.06.24"]
[SourceVersion "1"]
[SourceVersionDate "2008.06.24"]
[SourceQuality "1"]

1. d4 Nf6 2. c4 e6 3. g3 c5 4. d5 exd5 5. cxd5 d6 6. Nc3 g6 7. Bg2 Bg7 8. Nf3 0-0 9. 0-0 a6 10. a4 Nbd7 11. Bf4 Qc7 12. e4 Re8 13. Qe2 Ng4 14. Nd2 Nge5 15. Be3 Nf6 16. h3 Rb8 17. f4 Ned7 18. Qd3 Nf8 19. Kh2 Bd7 20. a5 Rbc8 21. Rfc1 Qd8 22. Re1 Qc7 23. Qc4 h5 24. Qb3 1-0

[Event "CFriend WC-2004-F-00006"]
[Site "Chessfriend.com"]
[Date "2005.05.16"]
[Round "1"]
[White "Matic, Davor"]
[Black "Taboada, Pedro Pablo"]
[Result "1-0"]
[WhiteElo "2243"]
[BlackElo "2305"]
[PlyCount "65"]
[EventDate "2005.??.??"]
[EventType "tourn (corr)"]
[EventRounds "6"]
[SourceTitle "Corr 2008"]
[Source "ChessBase"]
[SourceDate "2008.06.24"]
[SourceVersion "1"]
[SourceVersionDate "2008.06.24"]
[SourceQuality "1"]

1. d4 Nf6 2. c4 e6 3. Nc3 Bb4 4. Qc2 0-0 5. a3 Bxc3+ 6. Qxc3 b6 7. Bg5 Bb7 8. f3 h6 9. Bh4 d5 10. e3 c5 11. dxc5 bxc5 12. cxd5 exd5 13. Bxf6 Qxf6 14. Qxf6 gxf6 15. Rd1 Nd7 16. Ne2 Ne5 17. Ng3 Kh7 18. Be2 Rfd8 19. b4 d4 20. bxc5 d3 21. Bf1 Ba6 22. h3 Rac8 23. f4 Ng6 24. Ne4 f5 25. Nf2 Rxc5 26. Bxd3 Bxd3 27. Rxd3 Rxd3 28. Nxd3 Rc3 29. Kd2 Rxa3 30. Nb4 Ne7 31. Rb1 Kg6 32. Nc2 Ra5 33. Rb7 1-0

[Event "IECG WC.2004.F.00001"]
[Site "IECG email"]
[Date "2005.05.16"]
[Round "?"]
[White "Taboada, Pedro Pablo"]
[Black "Claridge, John Bleddyn"]
[Result "0-1"]
[WhiteElo "2340"]
[BlackElo "2389"]
[PlyCount "38"]
[EventDate "2005.05.16"]
[EventType "tourn (corr)"]
[EventRounds "6"]
[SourceTitle "Corr 2008"]
[Source "ChessBase"]
[SourceDate "2008.06.24"]
[SourceVersion "1"]
[SourceVersionDate "2008.06.24"]
[SourceQuality "1"]

1. d4 Nf6 2. c4 e6 3. Nf3 c5 4. d5 d6 5. Nc3 exd5 6. cxd5 g6 7. h3 a6 8. a4 Qe7 9. Bg5 Bg7 10. Nd2 Nbd7 11. e3 h6 12. Bh4 0-0 13. Bd3 Ne5 14. Bc2 g5 15. Bg3 Bd7 16. 0-0 b5 17. Re1 b4 18. Bxe5 dxe5 19. Nce4 Nxd5 0-1

[Event "CFriend WC-2004-F-00006"]
[Site "Chessfriend.com"]
[Date "2005.05.16"]
[Round "1"]
[White "Taboada, Pedro Pablo"]
[Black "Perez, Brigiliano"]
[Result "0-1"]
[WhiteElo "2305"]
[BlackElo "2374"]
[PlyCount "66"]
[EventDate "2005.??.??"]
[EventType "tourn (corr)"]
[EventRounds "6"]
[SourceTitle "Corr 2008"]
[Source "ChessBase"]
[SourceDate "2008.06.24"]
[SourceVersion "1"]
[SourceVersionDate "2008.06.24"]
[SourceQuality "1"]

1. d4 Nf6 2. c4 e6 3. Nf3 b6 4. g3 Ba6 5. b3 Bb4+ 6. Bd2 Be7 7. Bg2 c6 8. Bc3 d5 9. Nbd2 Nbd7 10. 0-0 0-0 11. Re1 c5 12. e4 dxe4 13. Nxe4 Bb7 14. Ned2 Rc8 15. Qe2 cxd4 16. Nxd4 Bxg2 17. Kxg2 Qc7 18. N2f3 Rfe8 19. Rad1 a6 20. Bb2 Bb4 21. Nd2 Rcd8 22. a3 Bf8 23. Kg1 e5 24. Nc2 Nc5 25. Bc3 Nd3 26. Rf1 b5 27. Ne1 b4 28. axb4 Bxb4 29. Bxb4 Nxb4 30. Ne4 Nxe4 31. Rxd8 Rxd8 32. Qxe4 a5 33. Nc2 Nc6 0-1

[Event "CFriend WC-2004-F-00006"]
[Site "Chessfriend.com"]
[Date "2005.05.16"]
[Round "1"]
[White "Taboada, Pedro Pablo"]
[Black "Simmelink, Joop Theo"]
[Result "0-1"]
[WhiteElo "2305"]
[BlackElo "2297"]
[PlyCount "76"]
[EventDate "2005.??.??"]
[EventType "tourn (corr)"]
[EventRounds "6"]
[SourceTitle "Corr 2008"]
[Source "ChessBase"]
[SourceDate "2008.06.24"]
[SourceVersion "1"]
[SourceVersionDate "2008.06.24"]
[SourceQuality "1"]

1. d4 d5 2. c4 c6 3. Nf3 Nf6 4. Nc3 e6 5. e3 Nbd7 6. Qc2 Bd6 7. g4 dxc4 8. Bxc4 e5 9. g5 Nd5 10. Bd2 exd4 11. Nxd4 0-0 12. Nxd5 cxd5 13. Bd3 g6 14. h4 Nc5 15. Bc3 Bd7 16. h5 Qxg5 17. 0-0-0 Nxd3+ 18. Qxd3 Rac8 19. Rdg1 Qf6 20. Kb1 b5 21. a3 b4 22. axb4 Be5 23. f4 Bxd4 24. Bxd4 Bf5 25. Bxf6 Bxd3+ 26. Ka2 Be4 27. Rh2 Rc6 28. Bc3 Rb8 29. Ka3 d4 30. Bxd4 Bd5 31. b3 Ra6+ 32. Kb2 Rxb4 33. Rc2 Rxb3+ 34. Kc1 Rb8 35. Be5 Re8 36. Kd2 Be4 37. Rb2 f6 38. Bd4 Kf7 0-1

[Event "IECG TE.2005.P.01844 email"]
[Site "IECG email"]
[Date "2005.03.24"]
[Round "1"]
[White "Taboada, Pedro Pablo"]
[Black "Ling, Anthony"]
[Result "0-1"]
[WhiteElo "2340"]
[BlackElo "1721"]
[PlyCount "46"]
[EventDate "2005.03.24"]
[EventType "tourn (corr)"]
[EventRounds "12"]
[SourceTitle "Corr 2024"]
[Source "ChessBase"]
[SourceDate "2023.10.19"]
[SourceVersion "1"]
[SourceVersionDate "2023.10.19"]
[SourceQuality "1"]

1. d4 Nf6 2. c4 c5 3. d5 b5 4. Nf3 Qa5+ 5. Bd2 b4 6. Qc2 d6 7. e4 g6 8. Bd3 Bg7 9. 0-0 0-0 10. Bf4 Nbd7 11. Nbd2 Qc7 12. h3 Nh5 13. Bh2 Bh6 14. Rae1 Nf4 15. h4 Ne5 16. Nxe5 dxe5 17. Nf3 Qd6 18. Ng5 Qf6 19. Bxf4 Qxf4 20. g3 Qg4 21. Be2 Qd7 22. Bf3 Qd6 23. Bg2 a5 0-1

[Event "IECG WC.2005.T.00006 email"]
[Site "IECG email"]
[Date "2004.12.15"]
[Round "?"]
[White "Sukhov, Nick"]
[Black "Taboada, Pedro Pablo"]
[Result "1-0"]
[WhiteElo "2416"]
[BlackElo "2355"]
[PlyCount "81"]
[EventDate "2004.12.15"]
[EventType "tourn (corr)"]
[EventRounds "10"]
[SourceTitle "Corr 2008"]
[Source "ChessBase"]
[SourceDate "2008.06.24"]
[SourceVersion "1"]
[SourceVersionDate "2008.06.24"]
[SourceQuality "1"]

1. e4 c5 2. Nf3 e6 3. d4 cxd4 4. Nxd4 Nc6 5. Nb5 d6 6. c4 Nf6 7. N1c3 a6 8. Na3 Be7 9. Be2 0-0 10. 0-0 b6 11. Be3 Bb7 12. Rc1 Ne5 13. f3 Re8 14. Qd4 Ned7 15. Nc2 d5 16. cxd5 exd5 17. exd5 Bc5 18. Qd2 Qe7 19. Bxc5 Qxc5+ 20. Nd4 Rad8 21. Ncb5 Rxe2 22. Qxe2 Qxd5 23. Rfd1 axb5 24. Nc6 Qxc6 25. Rxc6 Bxc6 26. Rd6 Rc8 27. Qc2 Bb7 28. Qd3 Bc6 29. a3 h6 30. Qd4 Kf8 31. Qc3 Bb7 32. Qb4 Ke8 33. Qxb5 Rc5 34. Qe2+ Re5 35. Qc4 Rc5 36. Qf4 Ke7 37. Rd1 Re5 38. Qb4+ Ke8 39. Re1 Rxe1+ 40. Qxe1+ Kd8 41. Qc3 1-0

[Event "IECG WC.2005.T.00006 email"]
[Site "IECG email"]
[Date "2004.12.15"]
[Round "?"]
[White "Taboada, Pedro Pablo"]
[Black "Evans, Gordon R"]
[Result "0-1"]
[WhiteElo "2355"]
[BlackElo "2295"]
[PlyCount "90"]
[EventDate "2004.12.15"]
[EventType "tourn (corr)"]
[EventRounds "10"]
[SourceTitle "Corr 2008"]
[Source "ChessBase"]
[SourceDate "2008.06.24"]
[SourceVersion "1"]
[SourceVersionDate "2008.06.24"]
[SourceQuality "1"]

1. d4 Nf6 2. c4 e6 3. Nf3 b6 4. g3 Ba6 5. b3 Bb4+ 6. Bd2 Be7 7. Nc3 0-0 8. Qc2 d5 9. cxd5 exd5 10. Bh3 c5 11. 0-0 Nc6 12. Be3 Nb4 13. Qb2 Ne4 14. Ne5 Bf6 15. Nd7 Re8 16. Nxe4 dxe4 17. Nxf6+ Qxf6 18. Rab1 Qg6 19. dxc5 Qh5 20. Bd7 Bxe2 21. Rfe1 Bf3 22. Qc3 Red8 23. Qxb4 Rxd7 24. h4 Qg4 25. Kh2 Rd5 26. Qc4 Rad8 27. c6 b5 28. Qf1 Qe6 29. Rbc1 Rc8 30. c7 Qd7 31. Qh3 Bg4 32. Qg2 f5 33. Bf4 a6 34. Qf1 Bf3 35. Rc2 Bd1 36. Rc1 Bf3 37. Re3 h6 38. Rec3 Kh7 39. Rc6 Rd1 40. Rxd1 Qxc6 41. Rc1 Qd7 42. Qe1 g5 43. Qd2 Qxd2 44. Bxd2 Kg6 45. Rc5 Kh5 0-1

[Event "IECG WC.2005.T.00006 email"]
[Site "IECG email"]
[Date "2004.12.15"]
[Round "?"]
[White "Taboada, Pedro Pablo"]
[Black "Jurkowitz, Romana"]
[Result "0-1"]
[WhiteElo "2355"]
[BlackElo "2400"]
[PlyCount "56"]
[EventDate "2004.12.15"]
[EventType "tourn (corr)"]
[EventRounds "10"]
[SourceTitle "Corr 2008"]
[Source "ChessBase"]
[SourceDate "2008.06.24"]
[SourceVersion "1"]
[SourceVersionDate "2008.06.24"]
[SourceQuality "1"]

1. d4 d5 2. c4 c6 3. Nf3 Nf6 4. Nc3 a6 5. e3 b5 6. b3 Bf5 7. Ne5 e6 8. g4 Bg6 9. h4 dxc4 10. bxc4 Ne4 11. Bb2 Bb4 12. Qb3 Bxc3+ 13. Bxc3 Nxc3 14. Qxc3 Be4 15. Rh3 0-0 16. f3 f6 17. Nd3 Bxd3 18. Bxd3 Ra7 19. Qc2 g6 20. c5 f5 21. g5 f4 22. h5 fxe3 23. hxg6 Qxd4 24. gxh7+ Kh8 25. Rc1 Rg7 26. g6 Nd7 27. Qc3 Qf4 28. Kd1 Ne5 0-1